000
00219nmm a2200085Ia 4500
008
220120s9999||||xx |||||||||||||||||und||
100
_a
CHIP magazine
245
0
_a
Power tools pack; 7 free coffee cup apps.
260
_c
2012
999
_c
139886
_d
139886